000 00318nam a2200145Ia 4500
005 20250406064103.0
008 240331s9999 xx 000 0 und d
082 _bSEN
_a894
100 _aSengai, A
245 0 _aKaaddaru
260 _aColombo
_bVirakesari
_c1977
300 _a244 p .,
650 _aNoval
942 _cL
999 _c4125
_d4125